| 000 | 00366nam a22001337a 4500 | ||
|---|---|---|---|
| 082 |
_a614.5993 _bAID |
||
| 100 |
_aWorld Health Organization _919998 |
||
| 245 | _aAids and HIV infection | ||
| 260 |
_aGeneva _bWorld health organization _c1991 |
||
| 300 |
_a54p.: _bill.; _c10 cm. |
||
| 526 |
_a0 _b0 _c0 _d614_599300000000000_AID |
||
| 650 |
_aMCE _9379 |
||
| 942 |
_2ddc _cBK |
||
| 999 |
_c544512 _d544512 |
||